Rzeki z wieloma stolicami - Statystyki

Ogólne statystyki
  • Ten quiz został rozwiązany 233 razy
  • Średni wynik to 5 z 7
Statystyki odpowiedzi
Rzek Stolica % Poprawnych
Belgrad, Bratysława, Budapeszt, Wiedeń Dunaj
97%
Chartum, Dżuba, Kair Nil
96%
Brazzaville, Kinszasa Kongo
75%
Phnom Penh, Wientiane Mekong
61%
Bamako, Niamey Niger
61%
Buenos Aires , Montevideo La Plata
34%
Belgrad, Lublana, Zagrzeb Sawa
33%
Nie znaleziono quizów pasujących do podanych kryteriów
Rozkład punktacji
Procent ludzi z każdym wynikiem
Percentyl według liczby udzielonych odpowiedzi
Twoja historia wyników
Nie rozwiązałeś tego quizu